Managing The Professional Service Firm (Record no. 326125)

MARC details
000 -LEADER
fixed length control field 00454nam a2200169Ia 4500
008 - FIXED-LENGTH DATA ELEMENTS--GENERAL INFORMATION
fixed length control field 230718s9999 xx 000 0 und d
020 ## - INTERNATIONAL STANDARD BOOK NUMBER
International Standard Book Number 9780743231565
041 ## - LANGUAGE CODE
Language code of text/sound track or separate title eng
082 ## - DEWEY DECIMAL CLASSIFICATION NUMBER
Classification number 658
Item number MAI
100 ## - MAIN ENTRY--PERSONAL NAME
Personal name Maister D.
9 (RLIN) 174657
245 ## - TITLE STATEMENT
Title Managing The Professional Service Firm
260 ## - PUBLICATION, DISTRIBUTION, ETC. (IMPRINT)
Date of publication, distribution, etc. 2003
Name of publisher, distributor, etc. Free Press
300 ## - PHYSICAL DESCRIPTION
Extent 376
365 ## - TRADE PRICE
Currency code Rs.
Price amount 832.00
700 ## - ADDED ENTRY--PERSONAL NAME
Personal name Maister D.
9 (RLIN) 174657
906 ## - LOCAL DATA ELEMENT F, LDF (RLIN)
d O:0120025-Oct-2010B:557528-Sep-2010
c MGMT
b 208
Holdings
Withdrawn status Lost status Damaged status Not for loan Home library Current library Date acquired Vendor Budget Code Cost, normal purchase price Bill number Total Checkouts Full call number Barcode Date last seen Discount Cost, replacement price Bill Date Koha item type Original Barcode
        Cummins College of Engineering for Women Pune Cummins College of Engineering for Women Pune 25/10/2010 Tbs MGMT 624.00 5575   658 CCEP-BK-37332 18/07/2023 208 832.00 28/09/2010 Books 037332